[Event "15th International Khazar Cup (Masters) 2017"]
[Site "Rasht,Guilan,Iran"]
[Date "2017.01.23"]
[Round "4"]
[Board "4"]
[White "Asgarizadeh, Ahmad"]
[Black "Berkes, Ferenc"]
[Result "0-1"]
[WhiteElo "2421"]
[BlackElo "2648"]
[PlyCount "0"]
[EventDate "2017.01.20"]
[EventRounds "9"]
[EventCountry "IRI"]

1. e4 {[%clk 1:30:09]} Nf6 {[%clk 1:30:50]} 2. e5 {[%clk 1:30:32]} Nd5
{[%clk 1:31:16]} 3. d4 {[%clk 1:30:55]} d6 {[%clk 1:31:42]} 4. Nf3
{[%clk 1:31:20]} Bg4 {[%clk 1:31:17]} 5. Be2 {[%clk 1:31:31]} e6 {[%clk 1:31:42]}
6. O-O {[%clk 1:31:21]} Be7 {[%clk 1:32:07]} 7. c4 {[%clk 1:31:43]} Nb6
{[%clk 1:32:30]} 8. h3 {[%clk 1:32:02]} Bh5 {[%clk 1:32:54]} 9. Nc3
{[%clk 1:32:18]} O-O {[%clk 1:33:15]} 10. Be3 {[%clk 1:32:45]} d5
{[%clk 1:33:29]} 11. c5 {[%clk 1:33:11]} Bxf3 {[%clk 1:33:46]} 12. gxf3
{[%clk 1:33:36]} Nc8 {[%clk 1:34:06]} 13. b4 {[%clk 1:33:20]} Bh4
{[%clk 1:31:26]} 14. Bd3 {[%clk 1:18:54]} Ne7 {[%clk 1:30:11]} 15. b5
{[%clk 1:17:08]} Nd7 {[%clk 1:03:16]} 16. f4 {[%clk 1:09:15]} g6 {[%clk 0:56:26]}
17. a4 {[%clk 1:08:59]} Nxc5 {[%clk 0:50:50]} 18. dxc5 {[%clk 1:07:02]} d4
{[%clk 0:51:14]} 19. Be4 {[%clk 0:56:15]} dxe3 {[%clk 0:51:33]} 20. fxe3
{[%clk 0:56:14]} c6 {[%clk 0:51:57]} 21. Ne2 {[%clk 0:47:25]} Rc8
{[%clk 0:50:08]} 22. Rc1 {[%clk 0:44:28]} Nf5 {[%clk 0:32:52]} 23. Qb3
{[%clk 0:29:10]} Qd2 {[%clk 0:29:11]} 24. Bxf5 {[%clk 0:28:29]} Qxe2
{[%clk 0:27:26]} 25. Rc2 {[%clk 0:27:39]} Qh5 {[%clk 0:27:50]} 26. Bg4
{[%clk 0:27:50]} Qh6 {[%clk 0:28:15]} 27. bxc6 {[%clk 0:22:05]} bxc6
{[%clk 0:28:31]} 28. Qb7 {[%clk 0:22:25]} Rfd8 {[%clk 0:28:36]} 29. Qxa7
{[%clk 0:22:20]} Qf8 {[%clk 0:26:13]} 30. Qa6 {[%clk 0:21:58]} Rc7
{[%clk 0:23:46]} 31. Qb6 {[%clk 0:19:59]} Rdd7 {[%clk 0:23:32]} 32. a5
{[%clk 0:19:37]} Qd8 {[%clk 0:17:29]} 33. a6 {[%clk 0:18:27]} Rd3
{[%clk 0:17:54]} 34. Be2 {[%clk 0:12:37]} Rxe3 {[%clk 0:16:51]} 35. Rd1
{[%clk 0:12:51]} Qe7 {[%clk 0:15:58]} 36. Ra2 {[%clk 0:10:47]} Rxh3
{[%clk 0:14:17]} 37. Bf1 {[%clk 0:04:18]} Rg3+ {[%clk 0:14:31]} 38. Bg2
{[%clk 0:04:38]} Ra7 {[%clk 0:14:50]} 39. Qxc6 {[%clk 0:03:59]} Rc3
{[%clk 0:15:13]} 40. Qd6 {[%clk 0:03:02]} Rxc5 {[%clk 0:15:13]} 41. Qb8+
{[%clk 0:02:32]} Kg7 {[%clk 0:14:48]} 42. Bb7 {[%clk 0:03:01]} Bg3
{[%clk 0:10:26]} 43. Qxa7 {[%clk 0:03:29]} Bxf4 {[%clk 0:10:49]} 44. Qa8
{[%clk 0:01:06]} Qh4 {[%clk 0:09:26]} 45. Bf3 {[%clk 0:00:40]} Rxe5
{[%clk 0:07:55]} 46. Qc6 {[%clk 0:00:56]} Qh3 {[%clk 0:04:32]} 47. Rg2
{[%clk 0:00:38]} Be3+ {[%clk 0:04:41]} 48. Kf1 {[%clk 0:01:07]} Ba7
{[%clk 0:04:32]} 49. Be4 {[%clk 0:00:37]} Qh1+ {[%clk 0:04:45]} 0-1

[Event "15th International Khazar Cup (Masters) 2017"]
[Site "Rasht,Guilan,Iran"]
[Date "2017.01.23"]
[Round "4"]
[Board "5"]
[White "Lupulescu, Constantin"]
[Black "Morchiashvili, Bachana"]
[Result "1/2-1/2"]
[WhiteElo "2625"]
[BlackElo "2419"]
[PlyCount "0"]
[EventDate "2017.01.20"]
[EventRounds "9"]
[EventCountry "IRI"]

1. e4 {[%clk 1:30:58]} c5 {[%clk 1:29:55]} 2. Nf3 {[%clk 1:31:19]} Nc6
{[%clk 1:29:34]} 3. d4 {[%clk 1:31:35]} cxd4 {[%clk 1:29:58]} 4. Nxd4
{[%clk 1:32:02]} g6 {[%clk 1:30:18]} 5. c4 {[%clk 1:32:13]} Bg7 {[%clk 1:30:18]}
6. Be3 {[%clk 1:32:15]} Nf6 {[%clk 1:30:39]} 7. Nc3 {[%clk 1:31:54]} O-O
{[%clk 1:30:49]} 8. Be2 {[%clk 1:26:30]} Nxd4 {[%clk 1:29:48]} 9. Bxd4
{[%clk 1:26:41]} d6 {[%clk 1:29:52]} 10. O-O {[%clk 1:25:43]} Bd7
{[%clk 1:27:42]} 11. f3 {[%clk 1:24:03]} a5 {[%clk 1:24:22]} 12. b3
{[%clk 1:23:20]} Bc6 {[%clk 1:24:35]} 13. Qd2 {[%clk 1:23:26]} Nd7
{[%clk 1:24:45]} 14. Be3 {[%clk 1:23:49]} Nc5 {[%clk 1:24:56]} 15. Rac1
{[%clk 1:24:03]} Qb6 {[%clk 1:22:33]} 16. Rc2 {[%clk 1:23:25]} Rfc8
{[%clk 1:15:52]} 17. Rb1 {[%clk 1:21:10]} Qb4 {[%clk 1:09:28]} 18. Qc1
{[%clk 1:18:59]} Qb6 {[%clk 1:08:40]} 19. Bf1 {[%clk 1:16:46]} h5
{[%clk 1:07:31]} 20. Kh1 {[%clk 1:10:41]} Kh7 {[%clk 1:06:09]} 21. Ne2
{[%clk 1:07:26]} Qd8 {[%clk 1:03:00]} 22. Nd4 {[%clk 1:06:58]} Bd7
{[%clk 1:00:05]} 23. Qd2 {[%clk 1:03:59]} Qf8 {[%clk 0:59:11]} 24. Bf2
{[%clk 1:01:35]} Bh6 {[%clk 0:58:38]} 25. Qe1 {[%clk 1:00:47]} f5
{[%clk 0:43:38]} 26. exf5 {[%clk 0:59:29]} gxf5 {[%clk 0:43:58]} 27. Rd1
{[%clk 0:58:14]} e5 {[%clk 0:39:53]} 28. Ne2 {[%clk 0:42:24]} e4 {[%clk 0:38:47]}
29. Nc3 {[%clk 0:37:57]} exf3 {[%clk 0:36:21]} 30. gxf3 {[%clk 0:37:48]} Re8
{[%clk 0:35:55]} 31. Re2 {[%clk 0:37:37]} Bc6 {[%clk 0:35:22]} 32. Nd5
{[%clk 0:36:36]} Rxe2 {[%clk 0:33:59]} 33. Qxe2 {[%clk 0:36:20]} Re8
{[%clk 0:34:20]} 34. Qc2 {[%clk 0:34:36]} Re5 {[%clk 0:25:41]} 35. Bg3
{[%clk 0:24:35]} Bxd5 {[%clk 0:25:22]} 36. cxd5 {[%clk 0:25:02]} Re3
{[%clk 0:18:58]} 37. Bh3 {[%clk 0:24:57]} Kh8 {[%clk 0:15:59]} 38. Qxf5
{[%clk 0:24:51]} Rxf3 {[%clk 0:15:13]} 39. Qxf8+ {[%clk 0:22:26]} Bxf8
{[%clk 0:15:35]} 40. Kg2 {[%clk 0:21:48]} Rd3 {[%clk 0:14:26]} 41. Rxd3
{[%clk 0:18:28]} Nxd3 {[%clk 0:14:52]} 42. Bc8 {[%clk 0:14:51]} b6
{[%clk 0:12:27]} 43. a3 {[%clk 0:05:57]} Be7 {[%clk 0:11:03]} 44. h4
{[%clk 0:05:42]} Nc1 {[%clk 0:09:21]} 45. b4 {[%clk 0:04:36]} axb4
{[%clk 0:08:37]} 46. axb4 {[%clk 0:04:57]} Ne2 {[%clk 0:06:39]} 47. Bh2
{[%clk 0:04:54]} b5 {[%clk 0:05:18]} 48. Kf3 {[%clk 0:04:04]} Nc3
{[%clk 0:05:23]} 49. Bb7 {[%clk 0:03:00]} Na2 {[%clk 0:05:15]} 50. Bc6
{[%clk 0:02:29]} Nxb4 {[%clk 0:05:28]} 51. Bg3 {[%clk 0:01:45]} Nd3
{[%clk 0:02:45]} 52. Bxb5 {[%clk 0:01:57]} Ne5+ {[%clk 0:03:09]} 53. Ke4
{[%clk 0:01:59]} Ng6 {[%clk 0:02:54]} 54. Kf5 {[%clk 0:01:36]} Bxh4
{[%clk 0:01:57]} 55. Bxd6 {[%clk 0:01:46]} Ne7+ {[%clk 0:02:21]} 56. Ke6
{[%clk 0:02:10]} Nxd5 {[%clk 0:02:45]} 57. Kxd5 {[%clk 0:02:35]} Bf6
{[%clk 0:03:11]} 1/2-1/2

[Event "15th International Khazar Cup (Masters) 2017"]
[Site "Rasht,Guilan,Iran"]
[Date "2017.01.23"]
[Round "4"]
[Board "6"]
[White "Firouzja, Alireza"]
[Black "Hakemi, Arman"]
[Result "1-0"]
[WhiteElo "2456"]
[BlackElo "2366"]
[PlyCount "0"]
[EventDate "2017.01.20"]
[EventRounds "9"]
[EventCountry "IRI"]

1. e4 {[%clk 1:30:59]} e5 {[%clk 1:29:55]} 2. Nf3 {[%clk 1:29:57]} Nf6
{[%clk 1:30:00]} 3. Nxe5 {[%clk 1:26:32]} d6 {[%clk 1:29:39]} 4. Nf3
{[%clk 1:26:50]} Nxe4 {[%clk 1:29:56]} 5. c4 {[%clk 1:24:48]} Nc6
{[%clk 1:25:03]} 6. Be2 {[%clk 1:11:08]} Be7 {[%clk 1:24:25]} 7. O-O
{[%clk 1:09:23]} O-O {[%clk 1:24:17]} 8. d4 {[%clk 1:09:44]} d5 {[%clk 1:21:11]}
9. cxd5 {[%clk 1:08:19]} Qxd5 {[%clk 1:20:05]} 10. Nc3 {[%clk 1:08:44]} Nxc3
{[%clk 1:19:26]} 11. bxc3 {[%clk 1:09:12]} Bf5 {[%clk 1:13:17]} 12. Be3
{[%clk 1:01:08]} Bf6 {[%clk 0:59:24]} 13. Nd2 {[%clk 0:47:38]} Qd7
{[%clk 0:50:52]} 14. Nb3 {[%clk 0:41:56]} b6 {[%clk 0:44:24]} 15. Rc1
{[%clk 0:37:00]} h6 {[%clk 0:36:38]} 16. Qd2 {[%clk 0:37:06]} Ne7
{[%clk 0:36:02]} 17. c4 {[%clk 0:32:06]} Bg6 {[%clk 0:33:01]} 18. Rfd1
{[%clk 0:30:43]} Rfe8 {[%clk 0:27:16]} 19. Bf4 {[%clk 0:27:15]} Rad8
{[%clk 0:26:43]} 20. d5 {[%clk 0:22:44]} Bh7 {[%clk 0:20:16]} 21. h3
{[%clk 0:21:59]} Bf5 {[%clk 0:19:07]} 22. Nd4 {[%clk 0:17:04]} Bxd4
{[%clk 0:17:01]} 23. Qxd4 {[%clk 0:17:27]} Ng6 {[%clk 0:15:20]} 24. Be3
{[%clk 0:12:32]} c5 {[%clk 0:13:21]} 25. Qd2 {[%clk 0:10:45]} Bxh3
{[%clk 0:05:59]} 26. gxh3 {[%clk 0:10:57]} Qxh3 {[%clk 0:06:22]} 27. Qe1
{[%clk 0:11:24]} Rd6 {[%clk 0:04:01]} 28. Qf1 {[%clk 0:08:46]} Qh4
{[%clk 0:04:18]} 29. Bd3 {[%clk 0:04:37]} Ne5 {[%clk 0:02:51]} 30. Qe2
{[%clk 0:00:51]} Ng4 {[%clk 0:01:05]} 31. Qf3 {[%clk 0:00:48]} Rf6
{[%clk 0:00:38]} 32. Qh1 {[%clk 0:00:34]} Qxh1+ {[%clk 0:00:36]} 33. Kxh1
{[%clk 0:01:04]} Nxe3 {[%clk 0:00:34]} 34. fxe3 {[%clk 0:01:29]} Rxe3
{[%clk 0:00:57]} 35. Bf1 {[%clk 0:01:19]} Rd6 {[%clk 0:00:58]} 36. Re1
{[%clk 0:00:56]} Rxe1 {[%clk 0:01:22]} 37. Rxe1 {[%clk 0:01:22]} Kf8
{[%clk 0:01:45]} 38. Bd3 {[%clk 0:00:53]} Rd8 {[%clk 0:01:12]} 39. Kg2
{[%clk 0:01:02]} Re8 {[%clk 0:00:36]} 40. Rxe8+ {[%clk 0:00:41]} Kxe8
{[%clk 0:01:05]} 41. Kf3 {[%clk 0:01:02]} Ke7 {[%clk 0:01:22]} 42. Kf4
{[%clk 0:01:22]} Kd6 {[%clk 0:01:41]} 43. a4 {[%clk 0:01:16]} a6 {[%clk 0:01:54]}
44. Bf5 {[%clk 0:00:51]} g6 {[%clk 0:00:33]} 45. Bc8 {[%clk 0:01:01]} a5
{[%clk 0:00:39]} 46. Bg4 {[%clk 0:01:09]} f5 {[%clk 0:00:44]} 47. Bf3
{[%clk 0:00:49]} h5 {[%clk 0:00:33]} 48. Kg5 {[%clk 0:01:06]} Ke5
{[%clk 0:00:51]} 49. Kxg6 {[%clk 0:01:16]} h4 {[%clk 0:01:15]} 50. Kg5
{[%clk 0:01:37]} h3 {[%clk 0:01:33]} 51. Kh4 {[%clk 0:01:42]} h2 {[%clk 0:01:56]}
52. Kh3 {[%clk 0:01:40]} b5 {[%clk 0:01:04]} 53. axb5 {[%clk 0:01:59]} Kd6
{[%clk 0:00:31]} 54. b6 {[%clk 0:02:27]} a4 {[%clk 0:00:54]} 55. b7
{[%clk 0:02:51]} Kc7 {[%clk 0:01:18]} 56. d6+ {[%clk 0:03:17]} 1-0

[Event "15th International Khazar Cup (Masters) 2017"]
[Site "Rasht,Guilan,Iran"]
[Date "2017.01.23"]
[Round "4"]
[Board "7"]
[White "Rastbod, Ali"]
[Black "Alavi, Sayed Javad"]
[Result "1/2-1/2"]
[WhiteElo "2262"]
[BlackElo "2453"]
[PlyCount "0"]
[EventDate "2017.01.20"]
[EventRounds "9"]
[EventCountry "IRI"]

1. c4 {[%clk 1:30:57]} e6 {[%clk 1:24:50]} 2. Nc3 {[%clk 1:31:14]} d5
{[%clk 1:24:57]} 3. d4 {[%clk 1:31:39]} Nf6 {[%clk 1:25:11]} 4. Bg5
{[%clk 1:32:02]} Be7 {[%clk 1:24:44]} 5. e3 {[%clk 1:32:27]} O-O {[%clk 1:24:32]}
6. Nf3 {[%clk 1:32:52]} Nbd7 {[%clk 1:22:21]} 7. Rc1 {[%clk 1:33:16]} h6
{[%clk 1:21:52]} 8. Bh4 {[%clk 1:33:01]} c5 {[%clk 1:22:07]} 9. dxc5
{[%clk 1:28:59]} dxc4 {[%clk 1:22:28]} 10. Bxc4 {[%clk 1:27:28]} Nxc5
{[%clk 1:22:56]} 11. O-O {[%clk 1:25:44]} Nfe4 {[%clk 1:12:01]} 1/2-1/2

[Event "15th International Khazar Cup (Masters) 2017"]
[Site "Rasht,Guilan,Iran"]
[Date "2017.01.23"]
[Round "4"]
[Board "8"]
[White "Sadeh, Shahin"]
[Black "Korneev, Oleg"]
[Result "0-1"]
[WhiteElo "2302"]
[BlackElo "2598"]
[PlyCount "0"]
[EventDate "2017.01.20"]
[EventRounds "9"]
[EventCountry "IRI"]

1. c4 {[%clk 1:28:45]} e5 {[%clk 1:30:55]} 2. Nc3 {[%clk 1:29:11]} Nc6
{[%clk 1:31:16]} 3. g3 {[%clk 1:29:16]} Bc5 {[%clk 1:31:42]} 4. Bg2
{[%clk 1:29:30]} d6 {[%clk 1:32:07]} 5. e3 {[%clk 1:29:21]} a6 {[%clk 1:32:20]}
6. Nge2 {[%clk 1:29:38]} Ba7 {[%clk 1:32:42]} 7. O-O {[%clk 1:29:37]} h5
{[%clk 1:33:00]} 8. d4 {[%clk 1:27:54]} h4 {[%clk 1:30:36]} 9. b4
{[%clk 1:23:37]} hxg3 {[%clk 1:29:11]} 10. fxg3 {[%clk 1:22:56]} Bh3
{[%clk 1:27:52]} 11. b5 {[%clk 1:18:22]} Bxg2 {[%clk 1:28:08]} 12. Kxg2
{[%clk 1:18:50]} Nce7 {[%clk 1:25:26]} 13. bxa6 {[%clk 1:17:25]} bxa6
{[%clk 1:25:44]} 14. Qa4+ {[%clk 1:17:22]} Kf8 {[%clk 1:17:31]} 15. dxe5
{[%clk 1:07:58]} Qc8 {[%clk 1:12:54]} 16. Ng1 {[%clk 0:49:13]} dxe5
{[%clk 1:11:20]} 17. Rf3 {[%clk 0:39:46]} g6 {[%clk 0:32:09]} 18. Ba3
{[%clk 0:27:57]} Kg7 {[%clk 0:31:57]} 19. Raf1 {[%clk 0:27:46]} Nf5
{[%clk 0:30:28]} 20. Qa5 {[%clk 0:23:11]} Nf6 {[%clk 0:26:11]} 21. Nd5
{[%clk 0:03:38]} Nxd5 {[%clk 0:17:00]} 22. Qxd5 {[%clk 0:04:06]} f6
{[%clk 0:15:57]} 23. c5 {[%clk 0:02:01]} Qe8 {[%clk 0:07:33]} 24. e4
{[%clk 0:00:53]} Rd8 {[%clk 0:07:54]} 25. Qb7 {[%clk 0:01:22]} Rd2+
{[%clk 0:05:24]} 26. R1f2 {[%clk 0:01:51]} Ne3+ {[%clk 0:04:37]} 27. Kh1
{[%clk 0:02:16]} Qd7 {[%clk 0:01:59]} 28. Rxd2 {[%clk 0:02:02]} Qxd2
{[%clk 0:02:16]} 29. Qxc7+ {[%clk 0:02:29]} Kh6 {[%clk 0:02:27]} 30. Rxe3
{[%clk 0:00:51]} Qxe3 {[%clk 0:02:54]} 31. Bc1 {[%clk 0:00:36]} Qxc1
{[%clk 0:03:21]} 32. Qxa7 {[%clk 0:01:04]} Qb1 {[%clk 0:03:38]} 0-1

[Event "15th International Khazar Cup (Masters) 2017"]
[Site "Rasht,Guilan,Iran"]
[Date "2017.01.23"]
[Round "4"]
[Board "9"]
[White "Maghsoodloo, Parham"]
[Black "Omidi, Arya"]
[Result "0-1"]
[WhiteElo "2584"]
[BlackElo "2313"]
[PlyCount "0"]
[EventDate "2017.01.20"]
[EventRounds "9"]
[EventCountry "IRI"]

1. d4 {[%clk 1:21:23]} d5 {[%clk 1:30:51]} 2. c4 {[%clk 1:15:23]} e6
{[%clk 1:31:09]} 3. Nf3 {[%clk 1:15:43]} Nf6 {[%clk 1:31:37]} 4. e3
{[%clk 1:15:53]} Be7 {[%clk 1:31:47]} 5. Nbd2 {[%clk 1:15:04]} O-O
{[%clk 1:32:10]} 6. b3 {[%clk 1:15:32]} c5 {[%clk 1:32:02]} 7. Bb2
{[%clk 1:14:14]} Nc6 {[%clk 1:32:27]} 8. Be2 {[%clk 1:11:44]} b6 {[%clk 1:24:54]}
9. O-O {[%clk 1:11:35]} Bb7 {[%clk 1:25:14]} 10. Rc1 {[%clk 1:11:41]} Rc8
{[%clk 1:24:58]} 11. a3 {[%clk 1:03:18]} cxd4 {[%clk 1:22:01]} 12. exd4
{[%clk 1:02:35]} dxc4 {[%clk 1:22:27]} 13. bxc4 {[%clk 1:02:55]} Qd6
{[%clk 1:16:49]} 14. Re1 {[%clk 1:02:26]} Rfd8 {[%clk 1:16:18]} 15. Nf1
{[%clk 0:58:16]} Qf4 {[%clk 1:14:09]} 16. g3 {[%clk 0:51:22]} Qb8
{[%clk 1:08:36]} 17. Bd3 {[%clk 0:49:57]} Ba8 {[%clk 1:01:45]} 18. N1d2
{[%clk 0:36:11]} Qb7 {[%clk 0:58:58]} 19. Ne4 {[%clk 0:36:11]} Nxe4
{[%clk 0:58:23]} 20. Bxe4 {[%clk 0:35:22]} f5 {[%clk 0:57:06]} 21. Bxc6
{[%clk 0:35:46]} Rxc6 {[%clk 0:57:22]} 22. Qe2 {[%clk 0:34:53]} Bf6
{[%clk 0:56:06]} 23. d5 {[%clk 0:27:32]} Bxb2 {[%clk 0:53:32]} 24. Qxb2
{[%clk 0:25:45]} exd5 {[%clk 0:53:52]} 25. Qd4 {[%clk 0:26:02]} Rcc8
{[%clk 0:52:45]} 26. c5 {[%clk 0:18:41]} bxc5 {[%clk 0:49:59]} 27. Rxc5
{[%clk 0:19:10]} Rxc5 {[%clk 0:49:32]} 28. Qxc5 {[%clk 0:19:39]} d4
{[%clk 0:47:28]} 29. Qc4+ {[%clk 0:20:07]} Qf7 {[%clk 0:44:08]} 30. Qxf7+
{[%clk 0:19:34]} Kxf7 {[%clk 0:44:36]} 31. Ne5+ {[%clk 0:20:02]} Kf6
{[%clk 0:44:40]} 32. f4 {[%clk 0:20:27]} Be4 {[%clk 0:43:25]} 33. Kf2
{[%clk 0:19:28]} Ke6 {[%clk 0:35:05]} 34. Rc1 {[%clk 0:15:02]} Rb8
{[%clk 0:34:57]} 35. Rc4 {[%clk 0:13:04]} Rb2+ {[%clk 0:26:38]} 36. Kf1
{[%clk 0:10:58]} d3 {[%clk 0:20:22]} 37. Rd4 {[%clk 0:11:23]} Rb5
{[%clk 0:17:15]} 38. Nxd3 {[%clk 0:10:01]} Rd5 {[%clk 0:17:28]} 39. Rxd5
{[%clk 0:10:22]} Kxd5 {[%clk 0:17:57]} 40. Ne5 {[%clk 0:05:34]} Kd4
{[%clk 0:18:25]} 41. Ke2 {[%clk 0:06:03]} Kc3 {[%clk 0:18:45]} 42. Ke3
{[%clk 0:03:43]} a5 {[%clk 0:17:22]} 43. g4 {[%clk 0:03:33]} a4 {[%clk 0:16:16]}
44. g5 {[%clk 0:02:47]} Kb3 {[%clk 0:15:12]} 45. Kd4 {[%clk 0:03:10]} Kxa3
{[%clk 0:15:21]} 46. Kc3 {[%clk 0:03:35]} Ka2 {[%clk 0:14:10]} 47. Nc4
{[%clk 0:02:12]} Kb1 {[%clk 0:12:21]} 48. h4 {[%clk 0:01:10]} Bd5
{[%clk 0:12:15]} 49. Na3+ {[%clk 0:01:27]} Kc1 {[%clk 0:12:15]} 50. Nb5
{[%clk 0:01:29]} Bc6 {[%clk 0:11:47]} 51. Nd6 {[%clk 0:00:49]} Bd7
{[%clk 0:11:33]} 52. h5 {[%clk 0:01:02]} Kd1 {[%clk 0:10:28]} 53. h6
{[%clk 0:00:54]} g6 {[%clk 0:10:05]} 54. Nb7 {[%clk 0:00:35]} Ke2
{[%clk 0:09:14]} 55. Nc5 {[%clk 0:00:52]} Be8 {[%clk 0:08:43]} 56. Kd4
{[%clk 0:00:35]} a3 {[%clk 0:08:05]} 57. Nb3 {[%clk 0:00:39]} Bf7
{[%clk 0:05:13]} 58. Na1 {[%clk 0:00:54]} Kd2 {[%clk 0:02:14]} 59. Ke5
{[%clk 0:01:20]} Kc3 {[%clk 0:02:17]} 60. Kf6 {[%clk 0:01:45]} Kb2
{[%clk 0:02:17]} 61. Kxf7 {[%clk 0:00:33]} Kxa1 {[%clk 0:02:45]} 62. Kg7
{[%clk 0:00:46]} a2 {[%clk 0:03:10]} 63. Kxh7 {[%clk 0:01:11]} Kb1
{[%clk 0:03:36]} 64. Kg8 {[%clk 0:01:24]} a1=Q {[%clk 0:04:00]} 65. h7
{[%clk 0:01:51]} Qa8+ {[%clk 0:04:08]} 66. Kg7 {[%clk 0:02:08]} Qb7+
{[%clk 0:04:15]} 67. Kxg6 {[%clk 0:00:35]} Qb2 {[%clk 0:04:37]} 68. Kf7
{[%clk 0:01:00]} Qh8 {[%clk 0:04:56]} 69. g6 {[%clk 0:01:29]} Kc2
{[%clk 0:05:14]} 70. g7 {[%clk 0:01:53]} Qxh7 {[%clk 0:05:40]} 71. Kf8
{[%clk 0:02:19]} Kd3 {[%clk 0:05:55]} 0-1

[Event "15th International Khazar Cup (Masters) 2017"]
[Site "Rasht,Guilan,Iran"]
[Date "2017.01.23"]
[Round "4"]
[Board "10"]
[White "Ghaem Maghami, Ehsan"]
[Black "Sharbaf, Mohsen"]
[Result "1-0"]
[WhiteElo "2574"]
[BlackElo "2286"]
[PlyCount "0"]
[EventDate "2017.01.20"]
[EventRounds "9"]
[EventCountry "IRI"]

1. Nf3 {[%clk 1:29:22]} c5 {[%clk 1:30:37]} 2. c4 {[%clk 1:27:00]} b6
{[%clk 1:30:50]} 3. Nc3 {[%clk 1:27:10]} Bb7 {[%clk 1:31:12]} 4. e3
{[%clk 1:26:34]} e6 {[%clk 1:31:28]} 5. d4 {[%clk 1:26:49]} cxd4 {[%clk 1:31:16]}
6. exd4 {[%clk 1:27:06]} Nf6 {[%clk 1:31:31]} 7. a3 {[%clk 1:11:46]} d6
{[%clk 1:26:48]} 8. d5 {[%clk 1:08:03]} e5 {[%clk 1:25:19]} 9. Be2
{[%clk 1:01:36]} Be7 {[%clk 1:22:33]} 10. O-O {[%clk 1:01:50]} O-O
{[%clk 1:22:57]} 11. b4 {[%clk 0:58:02]} Nbd7 {[%clk 1:21:29]} 12. Nd2
{[%clk 0:45:10]} Ne8 {[%clk 1:21:13]} 13. Nb3 {[%clk 0:44:58]} Bg5
{[%clk 1:16:42]} 14. Bxg5 {[%clk 0:43:35]} Qxg5 {[%clk 1:17:04]} 15. Qd2
{[%clk 0:42:39]} Qe7 {[%clk 1:16:06]} 16. a4 {[%clk 0:38:08]} a5 {[%clk 1:08:14]}
17. bxa5 {[%clk 0:38:16]} bxa5 {[%clk 1:08:37]} 18. Rab1 {[%clk 0:30:34]} Nc5
{[%clk 1:02:24]} 19. Nxc5 {[%clk 0:29:56]} dxc5 {[%clk 1:02:47]} 20. Ne4
{[%clk 0:24:45]} Bc8 {[%clk 0:55:36]} 21. Rb5 {[%clk 0:15:40]} Nd6
{[%clk 0:55:21]} 22. Nxd6 {[%clk 0:15:44]} Qxd6 {[%clk 0:55:46]} 23. Qe3
{[%clk 0:15:39]} Bd7 {[%clk 0:55:24]} 24. Qxc5 {[%clk 0:14:41]} Qg6
{[%clk 0:54:16]} 25. Rb6 {[%clk 0:13:39]} Rfc8 {[%clk 0:50:23]} 26. Qe3
{[%clk 0:12:59]} Qc2 {[%clk 0:50:02]} 27. Rc1 {[%clk 0:13:17]} Qxa4
{[%clk 0:50:23]} 28. c5 {[%clk 0:13:35]} Qd4 {[%clk 0:46:27]} 29. c6
{[%clk 0:09:00]} Bf5 {[%clk 0:42:35]} 30. Qxd4 {[%clk 0:02:57]} exd4
{[%clk 0:43:00]} 31. d6 {[%clk 0:03:18]} a4 {[%clk 0:43:10]} 32. Ba6
{[%clk 0:02:30]} Rf8 {[%clk 0:41:26]} 33. g4 {[%clk 0:00:39]} Bxg4
{[%clk 0:40:28]} 34. Ra1 {[%clk 0:00:40]} Rfd8 {[%clk 0:39:28]} 35. c7
{[%clk 0:00:51]} Re8 {[%clk 0:39:39]} 36. Bb5 {[%clk 0:00:55]} Rec8
{[%clk 0:37:32]} 37. Rxa4 {[%clk 0:01:01]} Rxa4 {[%clk 0:37:47]} 38. Bxa4
{[%clk 0:01:25]} d3 {[%clk 0:38:13]} 1-0

[Event "15th International Khazar Cup (Masters) 2017"]
[Site "Rasht,Guilan,Iran"]
[Date "2017.01.23"]
[Round "4"]
[Board "11"]
[White "Valizadeh, Ali"]
[Black "Pourramezanali, Amirreza"]
[Result "1/2-1/2"]
[WhiteElo "2273"]
[BlackElo "2496"]
[PlyCount "0"]
[EventDate "2017.01.20"]
[EventRounds "9"]
[EventCountry "IRI"]

1. d4 {[%clk 1:30:20]} d5 {[%clk 1:30:42]} 2. Nf3 {[%clk 1:30:39]} Nf6
{[%clk 1:31:05]} 3. g3 {[%clk 1:30:43]} c6 {[%clk 1:30:10]} 4. Bg2
{[%clk 1:31:10]} Bg4 {[%clk 1:30:17]} 5. Nbd2 {[%clk 1:31:19]} Nbd7
{[%clk 1:30:30]} 6. O-O {[%clk 1:30:01]} e6 {[%clk 1:30:58]} 7. b3
{[%clk 1:30:17]} Bd6 {[%clk 1:31:09]} 8. Bb2 {[%clk 1:30:46]} O-O
{[%clk 1:31:21]} 9. c4 {[%clk 1:30:48]} Qb8 {[%clk 1:29:04]} 10. Re1
{[%clk 1:28:57]} b5 {[%clk 1:09:14]} 11. Qc1 {[%clk 1:12:22]} bxc4
{[%clk 0:55:37]} 12. bxc4 {[%clk 1:12:32]} Qc7 {[%clk 0:54:52]} 13. e4
{[%clk 1:06:39]} dxe4 {[%clk 0:55:05]} 14. Nxe4 {[%clk 1:06:13]} Nxe4
{[%clk 0:55:21]} 15. Rxe4 {[%clk 1:06:37]} Bf5 {[%clk 0:55:46]} 16. Re1
{[%clk 1:05:19]} Rab8 {[%clk 0:55:09]} 17. Ba3 {[%clk 0:58:52]} Rfd8
{[%clk 0:52:48]} 18. Nh4 {[%clk 0:55:09]} Bg6 {[%clk 0:50:11]} 19. Nxg6
{[%clk 0:55:03]} hxg6 {[%clk 0:50:39]} 20. d5 {[%clk 0:51:42]} exd5
{[%clk 0:49:59]} 21. cxd5 {[%clk 0:52:06]} c5 {[%clk 0:48:54]} 22. Qd2
{[%clk 0:52:00]} c4 {[%clk 0:44:41]} 23. Bxd6 {[%clk 0:51:22]} Qxd6
{[%clk 0:45:09]} 24. Rac1 {[%clk 0:51:46]} Rbc8 {[%clk 0:44:30]} 25. Bh3
{[%clk 0:49:29]} Rc5 {[%clk 0:37:39]} 26. Bxd7 {[%clk 0:49:03]} Rxd5
{[%clk 0:34:46]} 27. Qe2 {[%clk 0:48:02]} Qxd7 {[%clk 0:35:01]} 28. Qxc4
{[%clk 0:48:03]} Rd2 {[%clk 0:34:38]} 29. Re2 {[%clk 0:46:59]} Qf5
{[%clk 0:31:30]} 30. Rxd2 {[%clk 0:42:10]} Rxd2 {[%clk 0:30:17]} 31. Qc8+
{[%clk 0:42:03]} Qxc8 {[%clk 0:30:07]} 32. Rxc8+ {[%clk 0:42:29]} Kh7
{[%clk 0:30:34]} 33. Rc7 {[%clk 0:42:45]} Rxa2 {[%clk 0:31:00]} 34. Rxf7
{[%clk 0:43:08]} g5 {[%clk 0:31:10]} 35. Kg2 {[%clk 0:43:09]} a5 {[%clk 0:31:35]}
36. Ra7 {[%clk 0:43:00]} a4 {[%clk 0:31:59]} 37. Kf3 {[%clk 0:42:25]} Kh6
{[%clk 0:31:40]} 38. Ra5 {[%clk 0:41:37]} a3 {[%clk 0:31:43]} 39. h3
{[%clk 0:41:32]} Kg6 {[%clk 0:24:28]} 40. Kg4 {[%clk 0:41:31]} Rxf2
{[%clk 0:24:04]} 41. Rxa3 {[%clk 0:41:44]} Kh6 {[%clk 0:24:30]} 42. Ra6+
{[%clk 0:40:20]} g6 {[%clk 0:24:27]} 43. Ra7 {[%clk 0:39:16]} Rb2
{[%clk 0:24:50]} 1/2-1/2